00333nam a22001337a 4500082001200000100001900012245002600031260003500057300000800092490004800100505003000148650001200178650000900190 a530 JAY aJayasinghe,E.M aPolarisation : Unit 4 aColombobOpen Universityc2010 a99p aGeometrical and Physical Optics- PYU 2261 aBachelor Science :Level 4 aPhysics aOUSL